Culture Générale - Série 2527 - Statistiques

Statistiques générales
  • Ce quiz a été pris 90 fois
  • Le résultat moyen est 3 sur 10
Statistiques - réponses
Question Réponse % Correct
Surnom donné aux soldats de la Première Guerre mondiale qui étaient dans les tranchées poilu
92%
Quelle est la capitale du Mozambique ? Maputo
62%
Quel mot anglais désigne un sport de course à pied, sur longue distance, en milieu naturel, généralement sur des chemins de terre et des sentiers de randonnée en plaine, en forêt ou en montagne ? trail
54%
Exprimer sa révolte envers un individu ou envers quelque chose, c'est crier haro sur le .... baudet
35%
Quel nom donne-t-on à la lotte lorsqu'elle est entière ? baudroie
29%
Comment appelle-t-on également le cubitus, os de l'avant-bras ? ulna
26%
Haute coiffe cylindrique portée dans la région de France anciennement appelée Cap Caval bigouden
23%
Quel type de tricot fait à la machine ou tricoté à la main, qui s'attache devant, par des boutons ou une fermeture éclair a été inventé en 1854 James Thomas Brudenell, comte de .... cardigan
11%
Quel tissu de coton d'armure façonnée et très serrée, relativement imperméable à l'air et à l'eau, a été créé en1880 par Thomas Burberry ? Actuellement, bien des manteaux de pluie sont façonnés dans ce matériau, prenant le nom de burberries en Angleterre et ...... en France gabardine
2%
Jupe plissée traditionnelle de certaines régions des Balkans, notamment en Albanie et en Grèce. voir photo fustanelle
1%
Aucun quiz correspondant
Distribution des résultats
% des personnes avec chaque résultat
Percentile par nombre de réponses
Votre historique - résultats
Vous n’avez pas pris ce quiz